000 00588nam a2200157 a 4500
005 20140414132119.0
008 120723s19uu xx 00 eng d
020 _a9780760936153
050 _aTR 510
_bSt8 2006
245 _aComprehensive Assessment of Mathematics Strategies(CAMS) A:
_bTeacher Guide.CAMS A;STAMS A;Extensions inMath A; Extensions in Math A (TG); CAMS A II (TG);CAMS II.
260 _aNorth Billerica,MA :
_bCurriculum Associates, Inc,
_cc2006.
300 _a21
440 _aStrategic Steps to Math Success
650 _aMathematics
_xSelf assessment
999 _c115025
_d115025